| 000 | 00839nam a2200289 i 4500 | ||
|---|---|---|---|
| 001 | 15890 | ||
| 003 | ES-MaACL | ||
| 005 | 20230906151201.0 | ||
| 007 | t| | ||
| 008 | 000516s1998 sp ||||0| spa j | ||
| 020 | _a84-8310-608-6 | ||
| 040 |
_aM-BN _bspa _cM-BN |
||
| 080 | _a613.88 | ||
| 100 | 1 |
_aMargulis, Lynn. _976641 |
|
| 245 | 1 | 0 |
_a¿Qué es el sexo? / _cLynn Margulis y Dorion Sagan ; [traducción, Ambrosio García Leal]. |
| 250 | _a1ª ed. | ||
| 260 |
_aBarcelona : _bTusquets, _c1998. |
||
| 300 |
_a256 p : _bil. col ; _c26 cm. |
||
| 490 | 1 |
_aMetatemas ; _v55 |
|
| 650 | 4 |
_aSexualidad. _917078 |
|
| 700 | 1 |
_aSagan, Dorion. _9101400 |
|
| 700 | 1 |
_aGarcía Leal, Ambrosio. _954814 |
|
| 830 | 0 |
_aMetatemas ; _v55 _9178413 |
|
| 852 |
_aES-MaACL _jL-22823 _bR.128023 |
||
| 999 |
_c15890 _d15890 |
||